000 00695nam0a22002651 4500
001 RU\NLR\INFOCOMM5\ROSSICA\1000295509
005 20250613190149.0
035 _a(NLR Aleph) 009904019
090 _a10585716
_c10585716
100 _a20030514f18731930|||y0rusy50 ca
101 0 _apol
102 _aRU
105 _ay ||||000ay
200 1 _aPan Tadeusz
_eII
_fA. Mickiewicz
210 _aMoskwa
_dS.a.
215 _d
225 1 _aBibljoteczka Wychodźtwa Polskiego
_vT.V
700 1 _aMickiewicz
_bA.
_f1798-1855
_gAdam
_4070
801 1 _aRU
_bInfoComm
_c20030514
801 0 _aRU
_bNLR
_gPSBO
852 _aNLR
_j30.6.10.46
942 _cBOOK
980 _aNB
980 _aRossica